000 00591nam a2200229Ia 4500
003 OSt
005 20220918214337.0
006 a|||||r|||| 00| 0
007 ta
008 220917b |||||||| |||| 00| 0 eng d
024 _a136,964
037 _cTextual
040 _aARTS
_cARTS
_beng
041 _2eng
_aeng
082 _aX9J:5-5, K0
100 _aYates P Lamartine
_9126017
245 0 _aFood and manpower in Western Europe
260 _aNA
_bNA
_c1960
650 _aECONOMICS
942 _hX9J:5-5, K0
_cTEXL
_2CC
999 _c260051
_d260051